Detalles MARC
| 000 -LEADER |
| campo de control de longitud fija |
05366cam a22006974i 4500 |
| 003 - IDENTIFICADOR DE NÚMERO DE CONTROL |
| campo de control |
PE-LiUPU |
| 005 - FECHA Y HORA DE LA ÚLTIMA TRANSACCIÓN |
| campo de control |
20250731184109.0 |
| 008 - DATOS DE LONGITUD FIJA--INFORMACIÓN GENERAL |
| campo de control de longitud fija |
150625s2004 pe a rb 000 0 spa d |
| 020 ## - NÚMERO INTERNACIONAL ESTÁNDAR DEL LIBRO |
| Número Internacional Estándar del Libro |
9972939014 |
| 035 ## - NÚMERO DE CONTROL DEL SISTEMA |
| Número de control de sistema |
(Sirsi) a35901 |
| 040 ## - FUENTE DE CATALOGACIÓN |
| Centro catalogador/agencia de origen |
PE-LiUPU |
| Lengua de catalogación |
spa |
| Centro/agencia transcriptor |
PE-LiUPU |
| Normas de descripción |
rda |
| 082 04 - NÚMERO DE LA CLASIFICACIÓN DECIMAL DEWEY |
| Número de clasificación |
869.1 |
| Cutter |
F38 |
| Número de edición |
21 |
| 082 04 - NÚMERO DE LA CLASIFICACIÓN DECIMAL DEWEY |
| Número de clasificación |
869.156 |
| Cutter |
F38 2004 |
| 100 1# - ENTRADA PRINCIPAL--NOMBRE DE PERSONA |
| Nombre de persona |
Fernández Cozman, Camilo, |
| Término indicativo de función/relación |
autor. |
| 245 13 - MENCIÓN DEL TÍTULO |
| Título |
El cántaro y la ola : |
| Resto del título |
una aproximación a la poética de Octavio Paz, 1914-1998 / |
| Mención de responsabilidad, etc. |
Camilo Fernández Cozman. |
| 264 #1 - PRODUCCIÓN, PUBLICACIÓN, DISTRIBUCIÓN, FABRICACIÓN Y COPYRIGHT |
| Producción, publicación, distribución, fabricación y copyright |
Lima : |
| Nombre del de productor, editor, distribuidor, fabricante |
Asamblea Nacional de Rectores, |
| Fecha de producción, publicación, distribución, fabricación o copyright |
2004. |
| 300 ## - DESCRIPCIÓN FÍSICA |
| Extensión |
128 páginas ; |
| Dimensiones |
24 cm |
| 336 ## - TIPO DE CONTENIDO |
| Término de tipo de contenido |
text |
| Fuente |
rdacontent |
| 337 ## - TIPO DE MEDIO |
| Nombre/término del tipo de medio |
unmediated |
| Fuente |
rdamedia |
| 338 ## - TIPO DE SOPORTE |
| Nombre/término del tipo de soporte |
volume |
| Fuente |
rdacarrier |
| 504 ## - NOTA DE BIBLIOGRAFÍA, ETC. |
| Nota de bibliografía, etc. |
Bibliografía: páginas 115-128. |
| 505 0# - NOTA DE CONTENIDO CON FORMATO |
| Nota de contenido con formato |
Antecedentes de la visión de Octavio Paz en la tradición literaria francesa -- Octavio Paz y la modernidad como edad crítica -- La poética de Octavio Paz -- La poesía antropológica de Octavio Paz -- Piedra de sol como poema antropológico. |
| 526 ## - NOTA DE INFORMACIÓN SOBRE EL PROGRAMA DE ESTUDIO |
| Nombre del programa |
Comunicación Y Periodismo |
| 526 ## - NOTA DE INFORMACIÓN SOBRE EL PROGRAMA DE ESTUDIO |
| Nombre del programa |
Educación, Especialidad Inglés Y Español (A Distancia) |
| 526 ## - NOTA DE INFORMACIÓN SOBRE EL PROGRAMA DE ESTUDIO |
| Nombre del programa |
Educación, Especialidad Inglés Y Español |
| 526 ## - NOTA DE INFORMACIÓN SOBRE EL PROGRAMA DE ESTUDIO |
| Nombre del programa |
Educación secundaria, especialidad lingüística e inglés |
| 526 ## - NOTA DE INFORMACIÓN SOBRE EL PROGRAMA DE ESTUDIO |
| Nombre del programa |
Ciencias de la comunicación |
| 596 ## - |
| -- |
1 2 3 |
| 600 1# - PUNTO DE ACCESO ADICIONAL DE MATERIA--NOMBRE DE PERSONA |
| Nombre de persona |
Paz, Octavio, |
| Fechas asociadas al nombre |
1914-1998 |
| Subdivisión general |
Estudio |
| 910 ## - DATOS DE OPCIÓN DEL USUARIO (OCLC) |
| -- |
jv |
| -- |
ng |
| -- |
20050315 |
| 910 ## - DATOS DE OPCIÓN DEL USUARIO (OCLC) |
| -- |
qv |
| -- |
20171023 |
| 942 ## - ELEMENTOS DE ENTRADA SECUNDARIOS (KOHA) |
| Fuente del sistema de clasificación o colocación |
Clasificación Decimal Dewey |
| Tipo de ítem Koha |
|
| 949 ## - PROCESAMIENTO DE INFORMACIÓN LOCAL (OCLC) |
| a |
869.1 F38 |
| w |
DEWEY |
| c |
1 |
| i |
57007 |
| l |
CCODEBUL1 |
| m |
BUL |
| p |
10 |
| r |
0 |
| s |
Y |
| t |
BOOK |
| u |
2015-06-25 |
| x |
BIBLIOTECA |
| z |
UNKNOWN |
| 0 |
COMPRA |
| o |
.STAFF. Colección General |
| 949 ## - PROCESAMIENTO DE INFORMACIÓN LOCAL (OCLC) |
| a |
869.1 F38 |
| w |
DEWEY |
| c |
2 |
| i |
53819 |
| l |
CCODEBUL1 |
| m |
BUL |
| p |
10 |
| r |
0 |
| s |
Y |
| t |
BOOK |
| u |
2015-06-25 |
| x |
BIBLIOTECA |
| z |
UNKNOWN |
| 0 |
COMPRA |
| o |
.STAFF. Colección General |
| 949 ## - PROCESAMIENTO DE INFORMACIÓN LOCAL (OCLC) |
| a |
869.1 F38 |
| w |
DEWEY |
| c |
3 |
| i |
56888 |
| l |
CCODEBUL1 |
| m |
BUL |
| p |
10 |
| r |
0 |
| s |
Y |
| t |
BOOK |
| u |
2015-06-25 |
| x |
BIBLIOTECA |
| z |
UNKNOWN |
| 0 |
COMPRA |
| o |
.STAFF. Colección General |
| 949 ## - PROCESAMIENTO DE INFORMACIÓN LOCAL (OCLC) |
| a |
869.1 F38 2004 |
| w |
DEWEY |
| c |
1 |
| i |
FJ09050 |
| l |
CCODEBUJ1 |
| m |
BUJ |
| p |
6.00 |
| r |
0 |
| s |
Y |
| t |
BOOK |
| u |
2017-10-23 |
| x |
EDUCACIÓN |
| -- |
P14 |
| 0 |
COMPRA |
| o |
.STAFF. Colección General Juliaca |
| 949 ## - PROCESAMIENTO DE INFORMACIÓN LOCAL (OCLC) |
| a |
869.1 F38 2004 |
| w |
DEWEY |
| c |
2 |
| i |
FJ09051 |
| l |
CCODEBUJ1 |
| m |
BUJ |
| p |
6.00 |
| r |
0 |
| s |
Y |
| t |
BOOK |
| u |
2017-10-23 |
| x |
EDUCACIÓN |
| -- |
P14 |
| 0 |
COMPRA |
| o |
.STAFF. Colección General Juliaca |
| 949 ## - PROCESAMIENTO DE INFORMACIÓN LOCAL (OCLC) |
| a |
869.1 F38 2004 |
| w |
DEWEY |
| c |
3 |
| i |
FJ09052 |
| l |
CCODEBUJ1 |
| m |
BUJ |
| p |
6.00 |
| r |
0 |
| s |
Y |
| t |
BOOK |
| u |
2017-10-23 |
| x |
EDUCACIÓN |
| -- |
P14 |
| 0 |
COMPRA |
| o |
.STAFF. Colección General Juliaca |
| 949 ## - PROCESAMIENTO DE INFORMACIÓN LOCAL (OCLC) |
| a |
869.1 F38 2004 |
| w |
DEWEY |
| c |
4 |
| i |
FJ09053 |
| l |
CCODEBUJ1 |
| m |
BUJ |
| p |
6.00 |
| r |
0 |
| s |
Y |
| t |
BOOK |
| u |
2017-10-23 |
| x |
EDUCACIÓN |
| -- |
P14 |
| 0 |
COMPRA |
| o |
.STAFF. Colección General Juliaca |
| 949 ## - PROCESAMIENTO DE INFORMACIÓN LOCAL (OCLC) |
| a |
869.1 F38 2004 |
| w |
DEWEY |
| c |
5 |
| i |
FJ09054 |
| l |
CCODEBUJ1 |
| m |
BUJ |
| p |
6.00 |
| r |
0 |
| s |
Y |
| t |
BOOK |
| u |
2017-10-23 |
| x |
EDUCACIÓN |
| -- |
P14 |
| 0 |
COMPRA |
| o |
.STAFF. Colección General Juliaca |
| 949 ## - PROCESAMIENTO DE INFORMACIÓN LOCAL (OCLC) |
| a |
869.1 F38 2004 |
| w |
DEWEY |
| c |
6 |
| i |
FJ09055 |
| l |
CCODEBUJ1 |
| m |
BUJ |
| p |
6.00 |
| r |
0 |
| s |
Y |
| t |
BOOK |
| u |
2017-10-23 |
| x |
EDUCACIÓN |
| -- |
P14 |
| 0 |
COMPRA |
| o |
.STAFF. Colección General Juliaca |
| 949 ## - PROCESAMIENTO DE INFORMACIÓN LOCAL (OCLC) |
| a |
869.1 F38 2004 |
| w |
DEWEY |
| c |
7 |
| i |
FJ09056 |
| l |
CCODEBUJ1 |
| m |
BUJ |
| p |
6.00 |
| r |
0 |
| s |
Y |
| t |
BOOK |
| u |
2017-10-23 |
| x |
EDUCACIÓN |
| -- |
P14 |
| 0 |
COMPRA |
| o |
.STAFF. Colección General Juliaca |
| 999 ## - NÚMEROS DE CONTROL DE SISTEMA (KOHA) |
| -- |
DEWEY |
| -- |
57007 |
| -- |
2021-11-9 |
| -- |
5 |
| -- |
CCODEBUL1 |
| -- |
BUL |
| -- |
0 |
| -- |
Y |
| -- |
BOOK |
| -- |
2015-6-25 |
| -- |
EDUCACION |
| -- |
UNKNOWN |
| -- |
COMPRA |
| -- |
.STAFF. Colección General |
| 999 ## - NÚMEROS DE CONTROL DE SISTEMA (KOHA) |
| -- |
DEWEY |
| -- |
53819 |
| -- |
2021-11-9 |
| -- |
5 |
| -- |
CCODEBUL1 |
| -- |
BUL |
| -- |
0 |
| -- |
Y |
| -- |
BOOK |
| -- |
2015-6-25 |
| -- |
EDUCACION |
| -- |
UNKNOWN |
| -- |
COMPRA |
| -- |
.STAFF. Colección General |
| 999 ## - NÚMEROS DE CONTROL DE SISTEMA (KOHA) |
| -- |
DEWEY |
| -- |
56888 |
| -- |
2021-11-9 |
| -- |
5 |
| -- |
CCODEBUL1 |
| -- |
BUL |
| -- |
0 |
| -- |
Y |
| -- |
BOOK |
| -- |
2015-6-25 |
| -- |
EDUCACION |
| -- |
UNKNOWN |
| -- |
COMPRA |
| -- |
.STAFF. Colección General |
| 999 ## - NÚMEROS DE CONTROL DE SISTEMA (KOHA) |
| -- |
DEWEY |
| -- |
FT00562 |
| -- |
2019-2-20 |
| -- |
1 |
| -- |
CCODEBUT1 |
| -- |
BUT |
| -- |
5.00 |
| -- |
0 |
| -- |
Y |
| -- |
BOOK |
| -- |
2016-2-18 |
| -- |
BIBLIOTECA |
| -- |
UNKNOWN |
| -- |
DONACION |
| -- |
.STAFF. Colección General |
| 999 ## - NÚMEROS DE CONTROL DE SISTEMA (KOHA) |
| -- |
DEWEY |
| -- |
FT00563 |
| -- |
2019-2-20 |
| -- |
1 |
| -- |
CCODEBUT1 |
| -- |
BUT |
| -- |
5.00 |
| -- |
0 |
| -- |
Y |
| -- |
BOOK |
| -- |
2016-2-18 |
| -- |
BIBLIOTECA |
| -- |
UNKNOWN |
| -- |
DONACION |
| -- |
.STAFF. Colección General |
| 999 ## - NÚMEROS DE CONTROL DE SISTEMA (KOHA) |
| -- |
DEWEY |
| -- |
FJ09050 |
| -- |
2022-2-2 |
| -- |
2 |
| -- |
CCODEBUJ1 |
| -- |
BUJ |
| -- |
6.00 |
| -- |
0 |
| -- |
Y |
| -- |
BOOK |
| -- |
2017-10-23 |
| -- |
EDUCACION |
| -- |
P14 |
| -- |
COMPRA |
| -- |
.STAFF. Colección General Juliaca |
| 999 ## - NÚMEROS DE CONTROL DE SISTEMA (KOHA) |
| -- |
DEWEY |
| -- |
FJ09051 |
| -- |
2022-2-2 |
| -- |
2 |
| -- |
CCODEBUJ1 |
| -- |
BUJ |
| -- |
6.00 |
| -- |
0 |
| -- |
Y |
| -- |
BOOK |
| -- |
2017-10-23 |
| -- |
EDUCACION |
| -- |
P14 |
| -- |
COMPRA |
| -- |
.STAFF. Colección General Juliaca |
| 999 ## - NÚMEROS DE CONTROL DE SISTEMA (KOHA) |
| -- |
DEWEY |
| -- |
FJ09052 |
| -- |
2022-2-2 |
| -- |
2 |
| -- |
CCODEBUJ1 |
| -- |
BUJ |
| -- |
6.00 |
| -- |
0 |
| -- |
Y |
| -- |
BOOK |
| -- |
2017-10-23 |
| -- |
EDUCACION |
| -- |
P14 |
| -- |
COMPRA |
| -- |
.STAFF. Colección General Juliaca |
| 999 ## - NÚMEROS DE CONTROL DE SISTEMA (KOHA) |
| -- |
DEWEY |
| -- |
FJ09053 |
| -- |
2019-9-19 |
| -- |
2022-2-2 |
| -- |
2 |
| -- |
CCODEBUJ1 |
| -- |
BUJ |
| -- |
1 |
| -- |
6.00 |
| -- |
1 |
| -- |
0 |
| -- |
Y |
| -- |
BOOK |
| -- |
2017-10-23 |
| -- |
COMPRA |
| -- |
.STAFF. Colección General Juliaca |
| 999 ## - NÚMEROS DE CONTROL DE SISTEMA (KOHA) |
| -- |
DEWEY |
| -- |
FJ09054 |
| -- |
2022-2-2 |
| -- |
2 |
| -- |
CCODEBUJ1 |
| -- |
BUJ |
| -- |
6.00 |
| -- |
0 |
| -- |
Y |
| -- |
BOOK |
| -- |
2017-10-23 |
| -- |
COMPRA |
| -- |
.STAFF. Colección General Juliaca |
| 999 ## - NÚMEROS DE CONTROL DE SISTEMA (KOHA) |
| -- |
DEWEY |
| -- |
FJ09055 |
| -- |
2022-2-2 |
| -- |
3 |
| -- |
CCODEBUJ1 |
| -- |
BUJ |
| -- |
6.00 |
| -- |
0 |
| -- |
Y |
| -- |
BOOK |
| -- |
2017-10-23 |
| -- |
EDUCACION |
| -- |
P14 |
| -- |
COMPRA |
| -- |
.STAFF. Colección General Juliaca |
| 999 ## - NÚMEROS DE CONTROL DE SISTEMA (KOHA) |
| -- |
DEWEY |
| -- |
FJ09056 |
| -- |
2018-5-9 |
| -- |
2022-2-2 |
| -- |
2 |
| -- |
CCODEBUJ1 |
| -- |
BUJ |
| -- |
1 |
| -- |
6.00 |
| -- |
1 |
| -- |
0 |
| -- |
Y |
| -- |
BOOK |
| -- |
2017-10-23 |
| -- |
EDUCACION |
| -- |
P14 |
| -- |
COMPRA |
| -- |
.STAFF. Colección General Juliaca |
| 980 ## - EQUIVALENCIA O REFERENCIA-CRUZADA-MENCIÓN DE SERIE--NOMBRE DE PERSONA/TÍTULO [LOCAL, CANADÁ] |
| ID del último usuario que modificó el registro |
1 |
| Nombre del último usuario que modificó el registro |
ALBERTO SANCHEZ Responsable de Automatización |